Musique - Intrus - Statistiques

Statistiques générales
  • Ce quiz a été pris 329 fois
  • Le résultat moyen est 10 sur 15
Statistiques - réponses
Question Réponse % Correct
Groupes Les lacs du Connemara
93%
Duos Basique
88%
Chanson en Anglais La pluie
88%
Chanson de Zazie Quand la musique est bonne
87%
Groupe de K-pop Trei degete
79%
Chanson en Néerlandais Gangnam Style
75%
Avant les années 2000 La boulette
75%
Chanson de Youtubeur Réseaux
75%
Solo J’ai demandé à la lune
68%
Chanson de Bigflo et Oli Trop beau
67%
Chanson belge Mocro shit
62%
Les chansons n’existent pas L’autre rive
47%
Phrases dans Pommade de Lomepal Je suis complément bourré
22%
Phrases dans La Brabançonne Nous sommes tes enfants
22%
Les chansons existent Le vase en pierre
20%
Aucun quiz correspondant
Distribution des résultats
% des personnes avec chaque résultat
Percentile par nombre de réponses
Votre historique - résultats
Vous n’avez pas pris ce quiz